Case studies in sample design (Record no. 26184)

MARC details
000 -LEADER
fixed length control field 00364nam a2200133Ia 4500
082 ## - DEWEY DECIMAL CLASSIFICATION NUMBER
Classification number 519.2
Item number ROS
100 ## - MAIN ENTRY--AUTHOR NAME
Personal name Rosander, A C
245 #0 - TITLE STATEMENT
Title Case studies in sample design
260 ## - PUBLICATION, DISTRIBUTION, ETC. (IMPRINT)
Place of publication New York
Name of publisher Marcel Dekker
Year of publication 1977
490 ## - SERIES STATEMENT
Series statement Statistics: Textbooks and monographs V 21
650 ## - SUBJECT ADDED ENTRY--TOPICAL TERM
Topical Term Sample design
942 ## - ADDED ENTRY ELEMENTS (KOHA)
Koha item type Books
Holdings
Withdrawn status Lost status Damaged status Not for loan Home library Current library Date acquired Cost, normal purchase price Full call number Accession Number Koha item type
        RRII Library RRII Library 16/12/2021 35.00 519.2 ROS 06822 Books